000 00791cam a22002651i 4500
001 sa 68020113
003 DLC
005 20260227112722.0
008 830713s1961 io 000 0 ind
010 _asa 68020113
035 _a(OCoLC)9698947
040 _aDLC
_cOAU
_dDLC
041 0 _aindara
042 _apremarc
043 _aa-io---
050 0 0 _aPJ6696
_b.J3
100 1 _aJatim, Marzoeki.
245 1 0 _aBatjaan Quran (diperbaharui).
260 _aDjakarta :
_bPustaka "Dirham",
_c[1961?]
300 _a50 p. ;
_c21 cm.
490 0 _aPengadjaran agama Islam disekolah-sekolah umum dan rumah tangga ;
_v2
500 _aIncludes text of the Koran in Arabic.
630 0 0 _aQurʼan
_xLanguage, style.
650 0 _aArabic language
_xTextbooks for foreign speakers
_xIndonesian.
999 _c89250
_d89250